| 000 | 01643cam a22002054a 4500 | ||
|---|---|---|---|
| 005 | 20250605164328.0 | ||
| 008 | 250528s ||||||||||||||||||||||||d | ||
| 035 | _a23128 | ||
| 020 | _a9600110794 | ||
| 040 |
_aGR-AtMCL _bgre _dGR-AtMCL _eAACR2 |
||
| 245 | 1 | _aΕπαγωγική Στατιστική | |
| 250 | _a1η | ||
| 260 |
_bGutenberg, _c2006 |
||
| 300 | _a232 | ||
| 520 | _aΣε αυτό το βιβλίο παρουσιάζονται τα σημαντικότερα επαγωγικά στατιστικά (Έλεγχοι στατιστικής σημαντικότητας και διαστήματα εμπιστοσύνης) που χρησιμοποιούνται στο χώρο των Κοινωνικών Επιστημών και της Εκπαίδευσης. Πρόλογος, Ευρετήριο Πινάκων και Διαγραμμάτων, Επαγωγική Στατιστική και Επιστημονική Εμπειρική Έρευνα, Βασικές Έννοιες Έρευνας και Στατιστικής, Επαγωγικά Στατιστικά, Η Λογική της Στατιστικής Επαγωγής, Δειγματοληπτικές Κατανομές, Η Διαδικασία του Ελέγχου Υποθέσεων, Ο Έλεγχος t, Ο Έλεγχος z, Ο Έλεγχος F, Ο Έλεγχος Χ2, Ανασκόπηση των Ελεγχων Στατιστικής Σημαντικότητας, Διαστήματα Εμπιστοσύνης, Βιβλιογραφία. | ||
| 700 | 1 |
_aΚατσίλλης Ιωάννης Μ _98691 |
|
| 942 | _cBK | ||
| 999 |
_c8158 _d8158 |
||